000 00278nam a2200109Ia 4500
008 200302s9999 xx 000 0 und d
100 _aBetty Edwards
245 _aDrawing on the Right Side of the Brain
260 _bHarper Collins Publishers
260 _c1992
300 _a254 P.,
999 _c2188
_d2188